00693nam a22002051a 450000100060000000300080000600500170001400800410003103500190007204000530009104100080014408200290015210000250018124501110020625000150031726000620033230000280039450000190042265000460044147150BD-RjUL20211209054251.0140518r19651971enkab 001 0 eng d a(BD-RjUL)47269 aDLCcODaWUdOCoLCdUkdIRoRVCdDLCdBD-RjULbeng aeng00a305.5122095482bBEC 197110aBéteille, André 10aCaste, class, and power :bchanging patterns of stratification in a Tanjore village /c André Béteille aLondon ed. aLondon :b University of California Press,cc1965 [1991] a238 p. :bill. c24 cm. aIncludes Index aCaste zIndia xThanjāvūr (District)